00478nam a2200157Ia 450000500170000000800410001708200130005810000150007124500270008626000400011330000130015350000360016694200060020295200970020899900150030520250323135513.0240331s9999 xx 000 0 und d bMUTa294 aMuthuraman 0aNallavai ellam tharum  aChennaibKizhakku Pathippagamc2004 a104 p ., aNavakkiraga thalgali patriyathu cL 001040708LaWERCLbWERCLcSSCd2024-03-31l0o 294.5 MUTp6107r2024-03-31w2024-03-31yL c4579d4579